In the realm of hungry ghosts : (Record no. 1809)

000 -LEADER
fixed length control field 00970nam a2200277 i 4500
001 - CONTROL NUMBER
control field 018933554
003 - CONTROL NUMBER IDENTIFIER
control field Uk
005 - DATE AND TIME OF LATEST TRANSACTION
control field 20260202125959.0
008 - FIXED-LENGTH DATA ELEMENTS--GENERAL INFORMATION
fixed length control field 180501s2018 enka b 001|0|eng|d
020 ## - INTERNATIONAL STANDARD BOOK NUMBER
International Standard Book Number 9781785042201
Qualifying information paperback
040 ## - CATALOGING SOURCE
Original cataloging agency StDuBDS
Language of cataloging eng
Transcribing agency StDuBDS
Modifying agency Uk
-- uoc
Description conventions rda
082 04 - DEWEY DECIMAL CLASSIFICATION NUMBER
Classification number 616.8900971133
Edition number 23
Item number GAB
100 1# - MAIN ENTRY--PERSONAL NAME
Personal name Maté, Gabor,
Relator term author.
245 10 - TITLE STATEMENT
Title In the realm of hungry ghosts :
Remainder of title close encounters with addiction /
Statement of responsibility, etc. Gabor Maté.
250 ## - EDITION STATEMENT
Remainder of edition statement NO.1 International Bestseller.
264 #1 - PRODUCTION, PUBLICATION, DISTRIBUTION, MANUFACTURE, AND COPYRIGHT NOTICE
Place of production, publication, distribution, manufacture London :
Name of producer, publisher, distributor, manufacturer Vermilion,
Date of production, publication, distribution, manufacture, or copyright notice 2018.
264 #4 - PRODUCTION, PUBLICATION, DISTRIBUTION, MANUFACTURE, AND COPYRIGHT NOTICE
Date of production, publication, distribution, manufacture, or copyright notice © Gabor Maté 2018.
300 ## - PHYSICAL DESCRIPTION
Extent xxix, 465 pages:
Other physical details illustrations;
Dimensions 20 cm.
336 ## - CONTENT TYPE
Content type term text
Source rdacontent
Content type code txt
337 ## - MEDIA TYPE
Media type term unmediated
Source rdamedia
Media type code n
338 ## - CARRIER TYPE
Carrier type term volume
Source rdacarrier
Carrier type code nc
504 ## - BIBLIOGRAPHY, ETC. NOTE
Bibliography, etc. note Includes bibliographical references and index.
650 #0 - SUBJECT ADDED ENTRY--TOPICAL TERM
Topical term or geographic name entry element Compulsive behavior
Geographic subdivision British Columbia
-- Vancouver.
9 (RLIN) 4575
650 #0 - SUBJECT ADDED ENTRY--TOPICAL TERM
Topical term or geographic name entry element Substance abuse
Geographic subdivision British Columbia
-- Vancouver.
9 (RLIN) 544
942 ## - ADDED ENTRY ELEMENTS (KOHA)
Source of classification or shelving scheme
Koha item type Book
Holdings
Withdrawn status Lost status Source of classification or shelving scheme Damaged status Not for loan Permanent location Current location Date acquired Total Checkouts Full call number Barcode Date last seen Price effective from Koha item type
          UofCanada Library UofCanada Library 02/02/2026   616.8900971133 GAB/NB 00002693 02/02/2026 02/02/2026 NB-Book
          UofCanada Library UofCanada Library 02/02/2026   616.8900971133 GAB 00002694 02/02/2026 02/02/2026 Book